| Registos Bibliográficos associados ao registo de autoridade |
|
Etiqueta de registo: 00254nam 2200025 450 001 2277931 003 http://id.bnportugal.gov.pt/bib/catbnp/2277931 100 ## $a20260309d2024 k y0pory01030103ba 101 0# $apor$deng 102 ## $aPT 105 ## $aa m 000yy 106 ## $ar 200 1# $aTrajetórias profissionais dos diplomados em educação social$fMárcia Cláudia da Silva Cardoso$gorient. Carlos Manuel Gonçalves 210 #9 $aPorto$c[s.n.],$d2024 215 ## $aX, 258 p.$cil.$d30 cm 328 #1 $aTese dout. Sociologia, Faculdade de Letras da Universidade do Porto, 2024 675 ## $a316.334-057.8(469)(043)$vBN$zpor$31610434 675 ## $a331.5-057.8(469)(043)$vBN$zpor$31326765 700 #1 $aCardoso,$bMárcia Cláudia da Silva$31989819 702 #1 $aGonçalves,$bCarlos Manuel$4727$3872793 801 #0 $aPT$bBN$gRPC 966 ## $lBN$mFGMON$sS.C. 168965 V.$x1 971 ## $cisantos$d20260309 972 ## $e0$z0$d20260423$vlrevez 973 ## $csteixeira$d20260416
|
|
|